| 000 | 00311 a2200109 4500 | ||
|---|---|---|---|
| 020 | _a013090757 | ||
| 082 | _a620.1053 HIB | ||
| 100 | _aHibbeler, R. C. | ||
| 245 |
_aEngineering Mechanics Dynamics _cR. C. Hibbeler |
||
| 260 |
_aNew Delhi : _bPrentice Hall, Upper Saddle River, _c2001 |
||
| 300 |
_a110p. : _bill . ; _c27 cm |
||
| 650 | _aDynamics | ||
| 999 |
_c759 _d759 |
||